书目信息 |
| 题名: |
完美的智慧
|
|
| 作者: | 万峰山人 绘著 | |
| 分册: | ||
| 出版信息: | 北京 社会科学文献出版社 2017 |
|
| 页数: | 157页 | |
| 开本: | 24cm | |
| 丛书名: | ||
| 单 册: | ||
| 中图分类: | I227 , J222.7 | |
| 科图分类: | ||
| 主题词: | 诗集--中国--当代 , 汉字--法书--作品集--中国--现代 , 中国画--作品集--中国--现代 | |
| 电子资源: | ||
| ISBN: | 978-7-5201-0916-1 | |
| 000 | 00923nam0 2200277 450 | |
| 001 | 012001003606 | |
| 005 | 20140926114741.0 | |
| 010 | @a978-7-5201-0916-1@dCNY69.00 | |
| 100 | @a20170905d2017 em y0chiy50 ea | |
| 101 | 0 | @achi |
| 102 | @aCN@b110000 | |
| 105 | @aa z 000gy | |
| 106 | @ar | |
| 200 | 1 | @a完美的智慧@9wan mei de zhi hui@e诗书画禅演心经@f万峰山人绘著 |
| 210 | @a北京@c社会科学文献出版社@d2017 | |
| 215 | @a157页@d24cm | |
| 330 | @a本书用诗与画的形式对般若波罗蜜多心经进行了解说。一篇经文,配1-2幅禅画和几首白话小诗,诗禅画意,优美可读。 | |
| 517 | 1 | @a诗书画禅演心经@9shi shu hua chan yan xin jing |
| 606 | 0 | @a诗集@y中国@z当代 |
| 606 | 0 | @a汉字@x法书@x作品集@y中国@z现代 |
| 606 | 0 | @a中国画@x作品集@y中国@z现代 |
| 690 | @aI227@v5 | |
| 690 | @aJ222.7@v5 | |
| 701 | 0 | @c(释)@a万峰山人@9wan feng shan ren@f(1946- )@4绘著 |
| 801 | 0 | @aCN@b上海新华@c20180901 |
| 905 | @b1163203-7@dI227@e557@f5 | |
| 完美的智慧:诗书画禅演心经/万峰山人绘著.-北京:社会科学文献出版社,2017 |
| 157页;24cm |
| ISBN 978-7-5201-0916-1:CNY69.00 |
| 本书用诗与画的形式对般若波罗蜜多心经进行了解说。一篇经文,配1-2幅禅画和几首白话小诗,诗禅画意,优美可读。 |
| ● |
| 相关链接 |
|
|
|
|
正题名:完美的智慧
索取号:I227/557
 
预约/预借
| 序号 | 登录号 | 条形码 | 馆藏地/架位号 | 状态 | 备注 |
| 1 | 1163203 | 211632036 | 第一样本阅览室/ [索取号:I227/557] | 在馆 | |
| 2 | 1163204 | 211632045 | 第二借阅区/ [索取号:I227/557] | 在馆 | |
| 3 | 1163205 | 211632054 | 密集书库-文学院/ [索取号:I227/557] | 在馆 | |
| 4 | 1163206 | 211632063 | 第二借阅区/ [索取号:I227/557] | 在馆 | |
| 5 | 1163207 | 211632072 | 第二借阅区/ [索取号:I227/557] | 在馆 |